[Event "Mitropa Cup Open 2019"]
[Site "Radenci"]
[Date "2019.06.01"]
[Round "6.18"]
[White "Joie, Sebastien"]
[Black "Sonis, Francesco"]
[Result "1/2-1/2"]
[WhiteElo "2425"]
[BlackElo "2475"]
[Annotator "ChessBase"]
[PlyCount "160"]
[EventDate "2019.05.27"]
[EventType "team-tourn"]
[EventCountry "SLO"]
[SourceTitle "playchess.com"]
[Source "ChessBase"]
[SourceQuality "1"]
[WhiteTeam "France"]
[BlackTeam "Italy"]
[WhiteTeamCountry "FRA"]
[BlackTeamCountry "ITA"]
[TimeControl "40/5400+30:1800+30"]

1. Nf3 {[%emt 0:00:00]} d5 {[%emt 0:00:00]} 2. g3 {[%emt 0:00:00]} c6 {[%emt 0:00:03]} 3. Bg2 {[%emt 0:00:00]} Bg4 {[%emt 0:00:06]} 4. Ne5 {[%emt 0:00:00]} Bf5 {[%emt 0:00:15]} 5. d4 {[%emt 0:00:00]} Nf6 {[%emt 0:00:17]} 6. O-O {[%emt 0:00:03]} e6 {[%emt 0:00:05]} 7. c4 {[%emt 0:00:02]} Nbd7 {[%emt 0:00:05]} 8. Nc3 {[%emt 0:00:05]} Be7 {[%emt 0:01:07]} 9. Qb3 {[%emt 0:00:09]} Qb6 {[%emt 0:00:56]} 10. Nxd7 {[%emt 0:00:05]} Nxd7 {[%emt 0:00:11]} 11. e4 {[%emt 0:00:03]} dxe4 {[%emt 0:02:13]} 12. Nxe4 {[%emt 0:00:09]} O-O {[%emt 0:11:09]} 13. Be3 {[%emt 0:00:28]} Rfd8 {[%emt 0:01:42]} 14. Qc3 {[%emt 0:00:21]} Nf6 {[%emt 0:15:09]} 15. Nxf6+ {[%emt 0:03:38]} Bxf6 {[%emt 0:00:04]} 16. c5 {[%emt 0:00:08]} Qc7 {[%emt 0:04:27]} 17. Bf4 {[%emt 0:00:51]} Qe7 {[%emt 0:01:20]} 18. Rfd1 {[%emt 0:04:57]} Rd7 {[%emt 0:02:35]} 19. Bd6 {[%emt 0:01:19]} Qd8 {[%emt 0:00:54]} 20. Rd2 {[%emt 0:09:02]} Bg5 {[%emt 0:02:39]} 21. f4 {[%emt 0:00:37]} Be7 {[%emt 0:00:11]} 22. Bxe7 {[%emt 0:00:07]} Qxe7 {[%emt 0:00:03]} 23. b4 {[%emt 0:09:35]} Rad8 {[%emt 0:00:46]} 24. Re1 {[%emt 0:00:13]} a6 {[%emt 0:07:50]} 25. h3 {[%emt 0:04:31]} Qf6 {[%emt 0:07:12]} 26. Re5 {[%emt 0:00:12]} h6 {[%emt 0:02:34]} 27. g4 {[%emt 0:00:58]} Bg6 {[%emt 0:01:57]} 28. Qe3 {[%emt 0:01:06]} Qh4 {[%emt 0:03:52]} 29. a4 {[%emt 0:03:57]} f6 {[%emt 0:08:56]} 30. Rxe6 {[%emt 0:00:42]} Bf7 {[%emt 0:00:02]} 31. Re4 {[%emt 0:03:30]} Kf8 {[%emt 0:00:16]} 32. Re2 {[%emt 0:05:23]} f5 {[%emt 0:00:15]} 33. gxf5 {[%emt 0:05:02]} Qf6 {[%emt 0:00:25]} 34. Rd2 {[%emt 0:01:35]} Qxf5 {[%emt 0:00:34]} 35. Kh2 {[%emt 0:00:45]} Bd5 {[%emt 0:09:26]} 36. Re5 {[%emt 0:00:09]} Qf7 {[%emt 0:01:04]} 37. Be4 {[%emt 0:05:14]} Bxe4 {[%emt 0:01:07]} 38. Rxe4 {[%emt 0:00:42]} Qf6 {[%emt 0:03:10]} 39. Re6 {[%emt 0:06:51]} Qf5 {[%emt 0:03:50]} 40. Re5 {[%emt 0:00:00]} Qf7 {[%emt 0:00:00]} 41. f5 {[%emt 0:10:14]} Kg8 {[%emt 0:02:18]} 42. Rg2 {[%emt 0:10:02]} Kh7 {[%emt 0:06:21]} 43. Rg4 {[%emt 0:10:45]} Qa2+ {[%emt 0:05:37]} 44. Kg3 {[%emt 0:00:01]} Qf7 {[%emt 0:00:05]} 45. h4 {[%emt 0:08:00]} Kh8 {[%emt 0:03:07]} 46. f6 {[%emt 0:01:15]} Qxf6 {[%emt 0:01:45]} 47. Re8+ {[%emt 0:00:07]} Kh7 {[%emt 0:00:03]} 48. Qe4+ {[%emt 0:00:05]} g6 {[%emt 0:00:16]} 49. Re6 {[%emt 0:00:04]} Qf5 {[%emt 0:00:37]} 50. Re7+ {[%emt 0:00:40]} Kh8 {[%emt 0:00:17]} 51. Rxg6 {[%emt 0:09:04]} Qxe4 {[%emt 0:01:40]} 52. Rxh6+ {[%emt 0:01:35]} Kg8 {[%emt 0:00:02]} 53. Rxe4 {[%emt 0:00:05]} Rxd4 {[%emt 0:00:04]} 54. Rhe6 {[%emt 0:01:24]} Rxe4 {[%emt 0:00:50]} 55. Rxe4 {[%emt 0:00:01]} Kf7 {[%emt 0:03:56]} 56. Rf4+ {[%emt 0:00:01]} Kg6 {[%emt 0:01:21]} 57. a5 {[%emt 0:01:46]} Rd1 {[%emt 0:00:57]} 58. Kf3 {[%emt 0:00:40]} Re1 {[%emt 0:00:47]} 59. Rg4+ {[%emt 0:01:30]} Kf6 {[%emt 0:00:22]} 60. Rf4+ {[%emt 0:00:27]} Ke5 {[%emt 0:00:42]} 61. Rg4 {[%emt 0:00:33]} Kf6 {[%emt 0:00:01]} 62. h5 {[%emt 0:00:40]} Rh1 {[%emt 0:01:22]} 63. Rg6+ {[%emt 0:00:18]} Kf5 {[%emt 0:00:59]} 64. Rg7 {[%emt 0:00:36]} Rxh5 {[%emt 0:00:13]} 65. Ke3 {[%emt 0:01:18]} Ke6 {[%emt 0:01:57]} 66. Rxb7 {[%emt 0:00:49]} Kd5 {[%emt 0:00:08]} 67. Rb6 {[%emt 0:00:35]} Rh3+ {[%emt 0:00:11]} 68. Kf4 {[%emt 0:02:45]} Rb3 {[%emt 0:00:45]} 69. Kf5 {[%emt 0:00:02]} Rf3+ {[%emt 0:00:09]} 70. Kg4 {[%emt 0:00:01]} Rb3 {[%emt 0:00:06]} 71. Kf4 {[%emt 0:00:02]} Rb1 {[%emt 0:00:44]} 72. Ke3 {[%emt 0:04:47]} Rb3+ {[%emt 0:01:32]} 73. Kf4 {[%emt 0:01:55]} Rb1 {[%emt 0:00:03]} 74. Ke3 {[%emt 0:00:01]} Rb3+ {[%emt 0:00:05]} 75. Kd2 {[%emt 0:00:22]} Kc4 {[%emt 0:00:22]} 76. Rxa6 {[%emt 0:01:17]} Rxb4 {[%emt 0:00:03]} 77. Rxc6 {[%emt 0:00:19]} Ra4 {[%emt 0:00:10]} 78. Ke3 {[%emt 0:01:51]} Rxa5 {[%emt 0:00:04]} 79. Ke4 {[%emt 0:00:03]} Rxc5 {[%emt 0:00:05]} 80. Rxc5+ {[%emt 0:00:02]} Kxc5 {[%emt 0:00:06]} 1/2-1/2

[Event "Mitropa Cup Open 2019"]
[Site "Radenci"]
[Date "2019.06.01"]
[Round "6.19"]
[White "Shytaj, Luca"]
[Black "Di Nicolantonio, Lucas"]
[Result "1/2-1/2"]
[WhiteElo "2490"]
[BlackElo "2379"]
[Annotator "ChessBase"]
[PlyCount "149"]
[EventDate "2019.05.27"]
[EventType "team-tourn"]
[EventCountry "SLO"]
[SourceTitle "playchess.com"]
[Source "ChessBase"]
[SourceQuality "1"]
[WhiteTeam "ITA"]
[BlackTeam "FRA"]
[BlackTeamCountry "FRA"]
[TimeControl "40/5400+30:1800+30"]

1. e4 {[%emt 0:00:00]} e5 {[%emt 0:00:00]} 2. Nf3 {[%emt 0:00:00]} Nf6 {[%emt 0:00:00]} 3. Nxe5 {[%emt 0:00:18]} d6 {[%emt 0:00:10]} 4. Nf3 {[%emt 0:00:42]} Nxe4 {[%emt 0:00:10]} 5. Bd3 {[%emt 0:01:02]} Nf6 {[%emt 0:05:58]} 6. O-O {[%emt 0:00:46]} Be7 {[%emt 0:00:31]} 7. c3 {[%emt 0:00:58]} O-O {[%emt 0:00:21]} 8. Bc2 {[%emt 0:01:37]} Bg4 {[%emt 0:09:34]} 9. d4 {[%emt 0:01:58]} Bh5 {[%emt 0:03:30]} 10. Re1 {[%emt 0:03:28]} d5 {[%emt 0:03:03]} 11. Nbd2 {[%emt 0:04:55]} Nbd7 {[%emt 0:08:02]} 12. Nf1 {[%emt 0:01:35]} Bg6 {[%emt 0:00:22]} 13. Bxg6 {[%emt 0:02:47]} hxg6 {[%emt 0:00:18]} 14. Bg5 {[%emt 0:03:11]} Re8 {[%emt 0:07:40]} 15. Qb3 {[%emt 0:02:59]} Nb6 {[%emt 0:06:08]} 16. Ne5 {[%emt 0:06:50]} Nfd7 {[%emt 0:06:00]} 17. Bf4 {[%emt 0:04:41]} Nxe5 {[%emt 0:02:19]} 18. Bxe5 {[%emt 0:05:46]} Qd7 {[%emt 0:04:12]} 19. a4 {[%emt 0:02:24]} a5 {[%emt 0:07:55]} 20. Ne3 {[%emt 0:02:18]} Bf8 {[%emt 0:01:30]} 21. h3 {[%emt 0:06:43]} Re6 {[%emt 0:01:49]} 22. Re2 {[%emt 0:06:18]} Qc6 {[%emt 0:06:03]} 23. Qb5 {[%emt 0:05:09]} Rae8 {[%emt 0:06:04]} 24. Rc2 {[%emt 0:07:02]} Be7 {[%emt 0:09:47]} 25. b4 {[%emt 0:11:04]} axb4 {[%emt 0:04:12]} 26. cxb4 {[%emt 0:00:41]} Qxb5 {[%emt 0:00:10]} 27. axb5 {[%emt 0:00:05]} c6 {[%emt 0:02:41]} 28. bxc6 {[%emt 0:00:47]} Rxc6 {[%emt 0:00:11]} 29. Rxc6 {[%emt 0:00:32]} bxc6 {[%emt 0:00:03]} 30. Ra6 {[%emt 0:00:05]} Nd7 {[%emt 0:04:03]} 31. Rxc6 {[%emt 0:00:50]} Nxe5 {[%emt 0:00:04]} 32. dxe5 {[%emt 0:00:05]} Bxb4 {[%emt 0:00:12]} 33. Nxd5 {[%emt 0:00:08]} Bf8 {[%emt 0:01:23]} 34. f4 {[%emt 0:01:47]} g5 {[%emt 0:00:34]} 35. g3 {[%emt 0:02:44]} gxf4 {[%emt 0:00:06]} 36. gxf4 {[%emt 0:00:03]} Rd8 {[%emt 0:00:16]} 37. Ne3 {[%emt 0:00:45]} g6 {[%emt 0:01:19]} 38. Kg2 {[%emt 0:02:41]} Bh6 {[%emt 0:01:19]} 39. Kf3 {[%emt 0:01:01]} Rd4 {[%emt 0:00:29]} 40. Rf6 {[%emt 0:00:00]} Bg7 {[%emt 0:00:00]} 41. Rd6 {[%emt 0:04:26]} Ra4 {[%emt 0:03:48]} 42. h4 {[%emt 0:06:50]} Ra3 {[%emt 0:10:02]} 43. Rd8+ {[%emt 0:04:13]} Kh7 {[%emt 0:04:18]} 44. Rd7 {[%emt 0:02:37]} Kg8 {[%emt 0:00:09]} 45. Rc7 {[%emt 0:02:20]} Bf8 {[%emt 0:06:19]} 46. Ke4 {[%emt 0:04:14]} Ra4+ {[%emt 0:00:48]} 47. Nc4 {[%emt 0:00:59]} Be7 {[%emt 0:02:32]} 48. f5 {[%emt 0:07:08]} gxf5+ {[%emt 0:00:25]} 49. Kxf5 {[%emt 0:00:06]} Bxh4 {[%emt 0:00:53]} 50. Nd6 {[%emt 0:00:10]} Bg3 {[%emt 0:02:19]} 51. Nxf7 {[%emt 0:00:41]} Bxe5 {[%emt 0:01:01]} 52. Nxe5 {[%emt 0:00:06]} Ra6 {[%emt 0:02:05]} 53. Nd7 {[%emt 0:00:20]} Ra1 {[%emt 0:00:55]} 54. Ne5 {[%emt 0:00:45]} Ra6 {[%emt 0:00:07]} 55. Rb7 {[%emt 0:00:27]} Kf8 {[%emt 0:01:07]} 56. Nd7+ {[%emt 0:00:24]} Ke8 {[%emt 0:00:13]} 57. Nc5 {[%emt 0:00:07]} Rc6 {[%emt 0:00:37]} 58. Ne6 {[%emt 0:00:43]} Rc1 {[%emt 0:00:30]} 59. Nf4 {[%emt 0:00:21]} Kd8 {[%emt 0:00:40]} 60. Nd5 {[%emt 0:00:15]} Re1 {[%emt 0:00:35]} 61. Nf6 {[%emt 0:00:35]} Kc8 {[%emt 0:00:16]} 62. Rg7 {[%emt 0:00:13]} Re2 {[%emt 0:00:32]} 63. Ne4 {[%emt 0:00:36]} Re1 {[%emt 0:01:04]} 64. Ke5 {[%emt 0:00:08]} Kb8 {[%emt 0:00:20]} 65. Re7 {[%emt 0:00:30]} Rd1 {[%emt 0:00:15]} 66. Rf7 {[%emt 0:00:18]} Kc8 {[%emt 0:01:15]} 67. Nc5 {[%emt 0:00:39]} Kd8 {[%emt 0:00:30]} 68. Ke6 {[%emt 0:00:18]} Re1+ {[%emt 0:00:14]} 69. Kd6 {[%emt 0:00:11]} Rd1+ {[%emt 0:00:08]} 70. Kc6 {[%emt 0:00:07]} Ke8 {[%emt 0:00:11]} 71. Rc7 {[%emt 0:00:22]} Rd2 {[%emt 0:00:32]} 72. Ra7 {[%emt 0:00:20]} Rd1 {[%emt 0:00:11]} 73. Ne4 {[%emt 0:00:08]} Kf8 {[%emt 0:00:14]} 74. Nf6 {[%emt 0:00:12]} Rd6+ {[%emt 0:00:20]} 75. Kxd6 {[%emt 0:00:16]} 1/2-1/2

[Event "Mitropa Cup Open 2019"]
[Site "Radenci"]
[Date "2019.06.01"]
[Round "6.20"]
[White "Eugene, Floryan"]
[Black "Lodici, Lorenzo"]
[Result "0-1"]
[WhiteElo "2303"]
[BlackElo "2453"]
[Annotator "ChessBase"]
[PlyCount "56"]
[EventDate "2019.05.27"]
[EventType "team-tourn"]
[EventCountry "SLO"]
[SourceTitle "playchess.com"]
[Source "ChessBase"]
[SourceQuality "1"]
[WhiteTeam "France"]
[BlackTeam "Italy"]
[WhiteTeamCountry "FRA"]
[BlackTeamCountry "ITA"]
[TimeControl "40/5400+30:1800+30"]

1. e4 {[%emt 0:00:00]} e5 {[%emt 0:00:00]} 2. Nf3 {[%emt 0:00:00]} Nc6 {[%emt 0:00:00]} 3. Bc4 {[%emt 0:00:00]} Bc5 {[%emt 0:00:00]} 4. O-O {[%emt 0:00:44]} Nf6 {[%emt 0:00:00]} 5. d3 {[%emt 0:00:06]} a6 {[%emt 0:02:34]} 6. c3 {[%emt 0:01:39]} Ba7 {[%emt 0:00:41]} 7. Re1 {[%emt 0:01:37]} d6 {[%emt 0:00:23]} 8. Bb3 {[%emt 0:00:05]} h6 {[%emt 0:02:46]} 9. h3 {[%emt 0:17:34]} g5 {[%emt 0:00:51]} 10. d4 {[%emt 0:00:53]} g4 {[%emt 0:07:23]} 11. dxe5 {[%emt 0:02:34]} gxf3 {[%emt 0:04:39]} 12. exf6 {[%emt 0:00:06]} Qxf6 {[%emt 0:13:23]} 13. Nd2 {[%emt 0:29:53]} Ne5 {[%emt 0:28:14]} 14. Nxf3 {[%emt 0:05:06]} Rg8 {[%emt 0:00:07]} 15. Kh2 {[%emt 0:07:23]} Bxh3 {[%emt 0:09:00]} 16. Nxe5 {[%emt 0:08:56]} Qxe5+ {[%emt 0:01:28]} 17. g3 {[%emt 0:08:04]} Bxf2 {[%emt 0:02:44]} 18. Qf3 {[%emt 0:00:06]} Qxg3+ {[%emt 0:00:51]} 19. Qxg3 {[%emt 0:00:04]} Bxg3+ {[%emt 0:00:04]} 20. Kxh3 {[%emt 0:00:03]} Bxe1 {[%emt 0:00:05]} 21. Bf4 {[%emt 0:02:02]} Bf2 {[%emt 0:00:05]} 22. Rf1 {[%emt 0:00:34]} Bb6 {[%emt 0:00:13]} 23. Ba4+ {[%emt 0:02:12]} Ke7 {[%emt 0:01:06]} 24. e5 {[%emt 0:00:36]} Rg1 {[%emt 0:00:49]} 25. exd6+ {[%emt 0:00:55]} cxd6 {[%emt 0:00:02]} 26. Rf3 {[%emt 0:00:06]} Rag8 {[%emt 0:00:24]} 27. Kh2 {[%emt 0:02:04]} R8g2+ {[%emt 0:01:21]} 28. Kh3 {[%emt 0:00:03]} Rf2 {[%emt 0:00:26]} 0-1

[Event "Mitropa Cup Open 2019"]
[Site "Radenci"]
[Date "2019.06.02"]
[Round "7.1"]
[White "Travadon, Loic"]
[Black "Mihok, Oliver"]
[Result "0-1"]
[WhiteElo "2441"]
[BlackElo "2541"]
[Annotator "ChessBase"]
[PlyCount "76"]
[EventDate "2019.05.27"]
[EventType "team-tourn"]
[EventCountry "SLO"]
[SourceTitle "playchess.com"]
[Source "ChessBase"]
[SourceQuality "1"]
[WhiteTeam "France"]
[BlackTeam "Hungary"]
[WhiteTeamCountry "FRA"]
[BlackTeamCountry "HUN"]
[TimeControl "40/5400+30:1800+30"]

1. d4 {[%emt 0:00:00]} Nf6 {[%emt 0:00:00]} 2. c4 {[%emt 0:00:00]} g6 {[%emt 0:00:00]} 3. Nc3 {[%emt 0:00:00]} Bg7 {[%emt 0:00:00]} 4. e4 {[%emt 0:00:00]} d6 {[%emt 0:00:00]} 5. Nf3 {[%emt 0:00:00]} O-O {[%emt 0:00:00]} 6. Be2 {[%emt 0:00:00]} e5 {[%emt 0:01:04]} 7. d5 {[%emt 0:00:00]} a5 {[%emt 0:00:59]} 8. Bg5 {[%emt 0:00:00]} h6 {[%emt 0:00:17]} 9. Be3 {[%emt 0:00:03]} Ng4 {[%emt 0:00:18]} 10. Bd2 {[%emt 0:00:03]} f5 {[%emt 0:01:12]} 11. h3 {[%emt 0:00:17]} Nf6 {[%emt 0:00:12]} 12. exf5 {[%emt 0:00:05]} gxf5 {[%emt 0:00:08]} 13. Qc1 {[%emt 0:00:03]} f4 {[%emt 0:00:40]} 14. g3 {[%emt 0:00:03]} e4 {[%emt 0:00:17]} 15. Nh4 {[%emt 0:00:03]} e3 {[%emt 0:00:24]} 16. fxe3 {[%emt 0:00:04]} fxg3 {[%emt 0:00:05]} 17. Ng6 {[%emt 0:00:08]} Re8 {[%emt 0:00:07]} 18. Nf4 {[%emt 0:00:04]} Na6 {[%emt 0:00:33]} 19. Rg1 {[%emt 0:00:03]} Nc5 {[%emt 0:04:50]} 20. Qc2 {[%emt 0:00:05]} Nfe4 {[%emt 0:08:44]} 21. Nxe4 {[%emt 0:00:08]} Nxe4 {[%emt 0:06:28]} 22. O-O-O {[%emt 0:00:29]} Bf5 {[%emt 0:16:32]} 23. Bd3 {[%emt 0:18:39]} Qg5 {[%emt 0:10:54]} 24. Be1 {[%emt 0:04:48]} Re5 {[%emt 0:07:12]} 25. h4 {[%emt 0:33:32]} Qxh4 {[%emt 0:05:33]} 26. Bxe4 {[%emt 0:11:36]} Bxe4 {[%emt 0:06:03]} 27. Bxg3 {[%emt 0:08:35]} Qf6 {[%emt 0:03:17]} 28. Qh2 {[%emt 0:07:13]} Bh7 {[%emt 0:05:31]} 29. Ne6 {[%emt 0:03:10]} Rxe6 {[%emt 0:03:42]} 30. dxe6 {[%emt 0:00:10]} Qxe6 {[%emt 0:02:08]} 31. Be1 {[%emt 0:01:05]} Qe4 {[%emt 0:03:55]} 32. Rxg7+ {[%emt 0:02:14]} Kxg7 {[%emt 0:00:05]} 33. Bc3+ {[%emt 0:00:20]} Kg8 {[%emt 0:01:59]} 34. Qg3+ {[%emt 0:00:24]} Bg6 {[%emt 0:00:15]} 35. Kd2 {[%emt 0:00:36]} Rf8 {[%emt 0:01:59]} 36. Qg1 {[%emt 0:06:29]} Kh7 {[%emt 0:02:50]} 37. Bxa5 {[%emt 0:01:42]} Qc2+ {[%emt 0:01:21]} 38. Ke1 {[%emt 0:00:01]} Bh5 {[%emt 0:00:24]} 0-1

[Event "Mitropa Cup Open 2019"]
[Site "Radenci"]
[Date "2019.06.02"]
[Round "7.2"]
[White "Kozak, Adam"]
[Black "Joie, Sebastien"]
[Result "1-0"]
[WhiteElo "2458"]
[BlackElo "2425"]
[Annotator "ChessBase"]
[PlyCount "45"]
[EventDate "2019.05.27"]
[EventType "team-tourn"]
[EventCountry "SLO"]
[SourceTitle "playchess.com"]
[Source "ChessBase"]
[SourceQuality "1"]
[WhiteTeam "Hungary"]
[BlackTeam "France"]
[WhiteTeamCountry "HUN"]
[BlackTeamCountry "FRA"]
[TimeControl "40/5400+30:1800+30"]

1. Nf3 {[%emt 0:00:00]} d5 {[%emt 0:00:00]} 2. g3 {[%emt 0:00:08]} c6 {[%emt 0:00:00]} 3. Bg2 {[%emt 0:00:05]} Bf5 {[%emt 0:00:00]} 4. O-O {[%emt 0:00:15]} e6 {[%emt 0:00:00]} 5. c4 {[%emt 0:00:08]} dxc4 {[%emt 0:00:04]} 6. Nc3 {[%emt 0:05:00]} Nf6 {[%emt 0:02:56]} 7. b3 {[%emt 0:17:32]} cxb3 {[%emt 0:00:51]} 8. Qxb3 {[%emt 0:01:23]} Qb6 {[%emt 0:02:21]} 9. Qa4 {[%emt 0:04:57]} Qb4 {[%emt 0:04:52]} 10. Qd1 {[%emt 0:02:21]} h6 {[%emt 0:02:22]} 11. a4 {[%emt 0:02:02]} Qc4 {[%emt 0:14:12]} 12. a5 {[%emt 0:05:07]} Be7 {[%emt 0:01:22]} 13. Ne5 {[%emt 0:14:29]} Qd4 {[%emt 0:00:21]} 14. a6 {[%emt 0:01:15]} Qb6 {[%emt 0:11:35]} 15. axb7 {[%emt 0:01:00]} Qxb7 {[%emt 0:00:02]} 16. Qa4 {[%emt 0:00:32]} O-O {[%emt 0:06:57]} 17. Nxc6 {[%emt 0:01:45]} Nxc6 {[%emt 0:00:04]} 18. Bxc6 {[%emt 0:00:19]} Qc7 {[%emt 0:00:31]} 19. Bxa8 {[%emt 0:01:13]} Rxa8 {[%emt 0:00:02]} 20. Ba3 {[%emt 0:01:54]} Bxa3 {[%emt 0:01:15]} 21. Rxa3 {[%emt 0:00:50]} Bh3 {[%emt 0:01:00]} 22. Rb1 {[%emt 0:01:07]} Rd8 {[%emt 0:00:13]} 23. d3 {[%emt 0:05:47]} 1-0

[Event "Mitropa Cup Open 2019"]
[Site "Radenci"]
[Date "2019.06.02"]
[Round "7.3"]
[White "Di Nicolantonio, Lucas"]
[Black "Csonka, Balazs"]
[Result "0-1"]
[WhiteElo "2379"]
[BlackElo "2466"]
[Annotator "ChessBase"]
[PlyCount "56"]
[EventDate "2019.05.27"]
[EventType "team-tourn"]
[EventCountry "SLO"]
[SourceTitle "playchess.com"]
[Source "ChessBase"]
[SourceQuality "1"]
[WhiteTeam "FRA"]
[BlackTeam "HUN"]
[WhiteTeamCountry "FRA"]
[TimeControl "40/5400+30:1800+30"]

1. e4 {[%emt 0:00:00]} e5 {[%emt 0:01:04]} 2. f4 {[%emt 0:00:00]} exf4 {[%emt 0:00:34]} 3. Nf3 {[%emt 0:00:06]} Nf6 {[%emt 0:03:46]} 4. e5 {[%emt 0:01:57]} Nh5 {[%emt 0:01:30]} 5. d4 {[%emt 0:04:36]} d6 {[%emt 0:03:14]} 6. Qe2 {[%emt 0:05:10]} d5 {[%emt 0:14:57]} 7. Nc3 {[%emt 0:31:41]} g6 {[%emt 0:16:12]} 8. Bd2 {[%emt 0:03:23]} Bg7 {[%emt 0:01:08]} 9. O-O-O {[%emt 0:02:00]} O-O {[%emt 0:00:14]} 10. Qf2 {[%emt 0:01:57]} Nc6 {[%emt 0:09:17]} 11. g3 {[%emt 0:03:48]} f6 {[%emt 0:20:18]} 12. gxf4 {[%emt 0:21:23]} fxe5 {[%emt 0:00:11]} 13. dxe5 {[%emt 0:00:05]} Kh8 {[%emt 0:04:38]} 14. Be3 {[%emt 0:04:39]} Nxf4 {[%emt 0:10:54]} 15. Bxf4 {[%emt 0:00:26]} Rxf4 {[%emt 0:00:02]} 16. Nxd5 {[%emt 0:00:35]} Qf8 {[%emt 0:02:12]} 17. Nxf4 {[%emt 0:01:49]} Qxf4+ {[%emt 0:00:02]} 18. Kb1 {[%emt 0:01:07]} Bg4 {[%emt 0:00:09]} 19. Bg2 {[%emt 0:04:50]} Nxe5 {[%emt 0:03:08]} 20. Qh4 {[%emt 0:06:52]} Nxf3 {[%emt 0:02:03]} 21. Rd8+ {[%emt 0:01:12]} Rxd8 {[%emt 0:00:06]} 22. Qxd8+ {[%emt 0:00:04]} Bf8 {[%emt 0:01:03]} 23. h3 {[%emt 0:03:05]} Bh5 {[%emt 0:03:03]} 24. Qe8 {[%emt 0:00:35]} Kg7 {[%emt 0:01:11]} 25. Ka1 {[%emt 0:00:27]} Qg3 {[%emt 0:00:57]} 26. Rd1 {[%emt 0:00:29]} Bd6 {[%emt 0:00:22]} 27. Bf1 {[%emt 0:00:22]} Ne5 {[%emt 0:00:39]} 28. Rc1 {[%emt 0:00:41]} a5 {[%emt 0:00:32]} 0-1

[Event "Mitropa Cup Open 2019"]
[Site "Radenci"]
[Date "2019.06.02"]
[Round "7.4"]
[White "Csiki, Endre"]
[Black "Eugene, Floryan"]
[Result "1-0"]
[WhiteElo "2362"]
[BlackElo "2303"]
[Annotator "TA"]
[PlyCount "61"]
[EventDate "2019.05.27"]
[EventType "team-tourn"]
[EventCountry "SLO"]
[SourceTitle "playchess.com"]
[Source "ChessBase"]
[SourceQuality "1"]
[WhiteTeam "Hungary"]
[BlackTeam "France"]
[WhiteTeamCountry "HUN"]
[BlackTeamCountry "FRA"]

{[%evp 11,61,14,19,0,0,0,0,-7,0,-8,17,13,25,26,92,84,77,77,150,142,140,82,93,18,87,97,92,124,194,177,274,306,305,295,305,308,305,304,322,228,335,321,370,362,378,339,487,475,781,772,1193,1147]} 1. e4 e5 2. Nf3 Nc6 3. Bb5 Nge7 4. Nc3 d6 5. d4 a6 6. Bxc6+ Nxc6 7. h3 {C60: Ruy Lopez: Unusual Black 3rd moves and 3...g6} (7. dxe5 dxe5 8. Qxd8+ Kxd8 9. Be3 f6 10. O-O-O+ Bd7 11. Rd2 Kc8 12. Rhd1 Be6 13. Nd5 Rb8 14. a3 a5 {0-1 (63) Guseinov,G (2616)-Efimenko,Z (2661) Baku 2013}) 7... Be7 $146 ({Predecessor:} 7... h6 8. Be3 b5 9. Qe2 Bb7 10. O-O-O Qc8 11. Nd5 exd4 12. Nxd4 Ne7 13. Rhe1 Qd7 14. Nb3 O-O-O 15. Na5 Ba8 16. Nb4 Bxe4 17. Nxa6 Bxg2 18. Nc5 Qe8 19. Qg4+ {1-0 (19) Henseler,J (2051)-Beukema,J (2233) Groningen 2017}) 8. Be3 O-O 9. d5 {The position is equal.} Na5 10. Nd2 {Black should prevent b4.} b5 11. b4 Nb7 12. a4 Bd7 (12... bxa4 $11 {keeps the balance.} 13. O-O (13. Rxa4 f5 $11) 13... Bd7) 13. axb5 $16 axb5 {[#]} 14. O-O $1 $36 {[%mdl 2048] White has strong initiative.} c6 (14... Rxa1 $142 15. Qxa1 Qa8) 15. Qe2 c5 {[#]} 16. Nxb5 (16. bxc5 $142 $1 {c6 is the strong threat.} Nxc5 17. Bxc5 (17. Nxb5 Bxb5 18. Qxb5 Rc8 $16) 17... dxc5 18. Nxb5) 16... cxb4 17. Nb3 (17. Na7 $16) 17... Na5 (17... Nc5 $11 {remains equal.}) 18. Na7 Nxb3 19. cxb3 Bg5 (19... Qe8 $16) 20. Nc6 $18 Bxc6 (20... Qf6 {was worth a try.} 21. Rxa8 (21. Nxb4 Qg6 $14) 21... Rxa8) 21. Bxg5 ({Less strong is} 21. dxc6 Bxe3 22. fxe3 (22. Qxe3 Qc7 $11) 22... Rxa1 $16) 21... Qxg5 22. dxc6 Rac8 23. Qc4 Rc7 24. Rfd1 Qe7 25. Ra6 Rfc8 (25... Rb8 $142 26. Rd5 g6) 26. Rc1 Qg5 27. Rc2 Qg6 28. Qxb4 d5 (28... f5 $142 29. Rd2 Qh6 30. Qxd6 Qxd6 31. Rxd6 fxe4) 29. Qa5 {And now Qxc7! would win.White is clearly winning.} Qd6 (29... h5 $142 30. Qxd5 Qg5) 30. exd5 e4 31. Qc5 {Accuracy: White = 76%, Black = 27%.} 1-0